000
00318nam a22001337a 4500
999
_c
534275
_d
534275
020
_a
969-35-1333-9
040
_c
MSOHAIL
082
_a
891.4393
100
_a
Mustansar Hussain Tarar
_9
9703
245
_a
Qala Jangi / قلعہ جنگی
260
_a
Lahore
_b
Sang-e-Meel
_c
c2008
300
_a
216;p
942
_2
ddc
_c
BK